Gaming Quiz

Random Gaming or Pokémon Quiz

'W' name pokemon Quiz Stats

 Plays Quiz not verified by Sporcle

Also try: Video Game Systems
Challenge
Share
Tweet
Embed
Score 0/20 Timer 10:00
0 Plays Today
Hint Answer % Correct
#8Wartortle
95%
#13Weedle
91.7%
#360Wynaut
83.3%
#265Wurmple
80%
#70Weepinbell
76.7%
#321Wailord
76.7%
#320Wailmer
75%
#110Weezing
66.7%
#365Walrein
66.7%
#340Whiscash
66.7%
Hint Answer % Correct
#293Whismur
61.7%
#527Woobat
61.7%
#413Wormadam
61.7%
#505Watchog
58.3%
#202Wingull
56.7%
#544Whirlipede
56.7%
#194Wooper
56.7%
#461Weavile
55%
#547Whimsicott
46.7%
#278Wigglytuff
46.7%

You're not logged in!

Compare scores with friends on all Sporcle quizzes.
OR
Log In

You Might Also Like...

Show Comments

Extras

Created Mar 23, 2016ReportNominate
Tags:Pokémon Quiz

Top Quizzes Today


Score Distribution

Your Account Isn't Verified!

In order to create a playlist on Sporcle, you need to verify the email address you used during registration. Go to your Sporcle Settings to finish the process.

Report this User

Report this user for behavior that violates our Community Guidelines.

Details: